[Event "Nordisk Mesterskab Ungdom U20 2026"]
[Site "Fredericia"]
[Date "2026.02.13"]
[Round "1.1"]
[White "Fiskaaen, Martin Holten"]
[Black "Olsen, William Alexander"]
[Result "1/2-1/2"]
[WhiteElo "2312"]
[BlackElo "2155"]
[WhiteFideId "1550233"]
[BlackFideId "1536915"]
[EventDate "2026.02.13"]
[EventType "swiss"]
[EventRounds "6"]
[EventCountry "DEN"]
[SourceTitle "Live v. Fredericia Chess Club"]

1. d4 Nf6 2. Nf3 e6 3. Bg5 d5 4. e3 c5 5. Nbd2 Nc6 6. c3 h6 7. Bh4 Be7 8. Bd3 cxd4 9. exd4 Nh5 10. Bxe7 Qxe7 11. O-O O-O 12. Re1 Bd7 13. Nb3 Nf4 14. Bc2 Rae8 15. Qd2 g5 16. Ne5 Nxe5 17. dxe5 f5 18. Nd4 Qg7 19. Rad1 Re7 20. Kh1 Be8 21. g3 Nh3 22. f4 Bh5 23. Rc1 gxf4 24. gxf4 Kh8 25. Re3 Qg4 26. Rf1 Qh4 27. Qe1 Qxe1 28. Rexe1 Rg8 29. Re3 Bg4 30. Bd3 h5 31. a3 Rg6 32. Nf3 h4 33. Nxh4 Rh6 34. Ng2 Reh7 35. Ne1 Rh4 36. Ng2 R4h6 37. Ne1 Rh4 38. Ng2 Nf2+ 39. Kg1 Nh3+ 1/2-1/2

[Event "Nordisk Mesterskab Ungdom U20 2026"]
[Site "Fredericia"]
[Date "2026.02.13"]
[Round "1.2"]
[White "Iskos, Lukas"]
[Black "Religa, Marek"]
[Result "0-1"]
[WhiteElo "2123"]
[BlackElo "2304"]
[WhiteFideId "1461613"]
[BlackFideId "1750208"]
[EventDate "2026.02.13"]
[EventType "swiss"]
[EventRounds "6"]
[EventCountry "DEN"]
[SourceTitle "Live v. Fredericia Chess Club"]

1. d4 d5 2. Bf4 c5 3. e3 Nc6 4. Nf3 Nf6 5. Nbd2 e6 6. c3 cxd4 7. exd4 Nh5 8. Be3 Bd6 9. Bd3 Nf4 10. Bxf4 Bxf4 11. O-O O-O 12. Re1 Bd7 13. g3 Bd6 14. Re2 Qf6 15. Qb3 Rab8 16. Rae1 Qh6 17. h4 b5 18. Qc2 Rfc8 19. Qd1 Qh5 20. Re3 f6 21. Bb1 Re8 22. b4 a5 23. a3 a4 24. Qe2 Nd8 25. Nf1 Nf7 26. N1h2 Rbc8 27. Bd3 Rb8 28. Bb1 Rec8 29. Ba2 Rc7 30. Kh1 Nd8 31. Bb1 Rbc8 32. Qc2 Qh6 33. Ng4 Qg6 34. Qxg6 hxg6 35. Rc1 Kf7 36. Kg2 Nc6 37. Kf1 Be7 38. Ke2 e5 39. Ngh2 e4 40. Ne1 Nxd4+ 41. Kf1 Nf5 42. Re2 Rxc3 43. Rd1 Rc1 44. Rxc1 Rxc1 45. Ba2 Be6 46. Rd2 d4 47. Bxe6+ Kxe6 48. g4 Nxh4 49. Rxd4 Bd6 0-1

[Event "Nordisk Mesterskab Ungdom U20 2026"]
[Site "Fredericia"]
[Date "2026.02.13"]
[Round "1.3"]
[White "Apol, Luitjen Akselsson"]
[Black "Hietanen, Herman"]
[Result "0-1"]
[WhiteElo "2301"]
[BlackElo "2112"]
[WhiteFideId "7202466"]
[BlackFideId "519880"]
[EventDate "2026.02.13"]
[EventType "swiss"]
[EventRounds "6"]
[EventCountry "DEN"]
[SourceTitle "Live v. Fredericia Chess Club"]

1. e4 e6 2. d4 d5 3. Nd2 Be7 4. e5 c5 5. c3 cxd4 6. cxd4 Qb6 7. Ngf3 Nc6 8. Bd3 Nxd4 9. Nxd4 Qxd4 10. Nf3 Bb4+ 11. Kf1 Qb6 12. Ng5 Bd7 13. Kg1 Bc5 14. Qf3 f6 15. Nxh7 O-O-O 16. Bf4 fxe5 17. Bxe5 Rxh7 18. Bxh7 Rf8 19. Qxf8+ Bxf8 20. Rc1+ Bc6 21. Bxg8 Kd7 22. h4 Bc5 23. Rc2 Bd4 24. Bg3 Bf6 25. h5 d4 26. h6 d3 27. Rd2 Qd4 28. h7 g5 29. Rh6 Bd5 30. Bb8 Bg7 31. Rg6 Bh8 32. Rxg5 Qe4 33. Rd1 Qe2 34. Rc1 d2 35. Rc7+ Kd8 36. Bf7 d1=Q+ 37. Kh2 Be5+ 38. Rxe5 Qxe5+ 0-1

[Event "Nordisk Mesterskab Ungdom U20 2026"]
[Site "Fredericia"]
[Date "2026.02.13"]
[Round "1.4"]
[White "Petersen, Elias"]
[Black "Salonen, Aku"]
[Result "0-1"]
[WhiteElo "2102"]
[BlackElo "2269"]
[WhiteFideId "7202725"]
[BlackFideId "517577"]
[EventDate "2026.02.13"]
[EventType "swiss"]
[EventRounds "6"]
[EventCountry "DEN"]
[SourceTitle "Live v. Fredericia Chess Club"]

1. c4 e6 2. g3 d5 3. Bg2 Nf6 4. Nf3 dxc4 5. Qa4+ Bd7 6. Qxc4 c5 7. Nc3 Nc6 8. O-O Be7 9. d4 b5 10. Qd3 c4 11. Qb1 b4 12. Ne4 O-O 13. Rd1 Rc8 14. Bg5 Na5 15. Bxf6 Bxf6 16. Qc2 Be7 17. d5 exd5 18. Rxd5 Qc7 19. Neg5 g6 20. h4 Bc6 21. Rdd1 Bf6 22. Rac1 Qe7 23. e3 h6 24. Nh3 b3 25. Qd2 c3 26. bxc3 Nc4 27. Qe2 b2 28. Rb1 Be4 29. Rxb2 Nxb2 30. Qxb2 Bxc3 31. Qb5 Rfd8 32. Rxd8+ Rxd8 33. Qb3 Qb4 34. Qxb4 Bxb4 35. Nd4 Bxg2 36. Kxg2 Bc5 37. Nb3 Bb6 38. Nf4 a5 39. a4 g5 40. hxg5 hxg5 41. Ne2 Rd3 42. Nec1 Rc3 43. Kf3 Rc4 44. Ke2 Rxa4 45. f3 Rb4 46. Kd3 a4 47. Nd2 Rb5 48. e4 Bc7 49. Kc4 Rb2 50. Kd3 Bxg3 51. Nc4 Rf2 52. Ke3 Rc2 53. Kd4 0-1

[Event "Nordisk Mesterskab Ungdom U20 2026"]
[Site "Fredericia"]
[Date "2026.02.13"]
[Round "1.5"]
[White "Briem, Benedikt"]
[Black "Wedenberg, Oliver"]
[Result "1-0"]
[WhiteElo "2238"]
[BlackElo "2058"]
[WhiteFideId "2315432"]
[BlackFideId "1767909"]
[EventDate "2026.02.13"]
[EventType "swiss"]
[EventRounds "6"]
[EventCountry "DEN"]
[SourceTitle "Live v. Fredericia Chess Club"]

1. d4 d5 2. c4 e6 3. Nf3 Nf6 4. g3 Be7 5. Bg2 O-O 6. O-O dxc4 7. Qc2 b5 8. a4 b4 9. Nfd2 Nd5 10. Nxc4 c5 11. dxc5 Bxc5 12. e4 Nb6 13. Be3 Qe7 14. Nxb6 axb6 15. Bxc5 bxc5 16. Rc1 Rd8 17. e5 Ra7 18. Nd2 Ba6 19. Ne4 Nd7 20. f4 Rc7 21. Rd1 c4 22. Rd6 Bb7 23. Ng5 Nf8 24. Rad1 Rdc8 25. Bxb7 Rxb7 26. R1d4 Qc7 27. Ne4 Ra7 28. Kg2 b3 29. Qd2 Rxa4 30. Rd8 Rxd8 31. Rxd8 Qc6 32. Kh3 Ra7 33. Qb4 h6 34. Qxf8+ Kh7 35. Nf6+ Kg6 36. Qxg7+ 1-0

[Event "Nordisk Mesterskab Ungdom U20 2026"]
[Site "Fredericia"]
[Date "2026.02.13"]
[Round "1.6"]
[White "Omarsson, Adam"]
[Black "Wahlgreen, Noah Krug"]
[Result "1/2-1/2"]
[WhiteElo "1974"]
[BlackElo "2156"]
[WhiteFideId "2311453"]
[BlackFideId "1457349"]
[EventDate "2026.02.13"]
[EventType "swiss"]
[EventRounds "6"]
[EventCountry "DEN"]
[SourceTitle "Live v. Fredericia Chess Club"]

1. d4 Nf6 2. c4 g6 3. Nc3 Bg7 4. Nf3 O-O 5. e4 d6 6. Be2 e5 7. O-O Bg4 8. d5 a5 9. Be3 Na6 10. Nd2 Bxe2 11. Qxe2 Qd7 12. b3 Ng4 13. a3 f5 14. f3 Nxe3 15. Qxe3 Qe7 16. Rab1 Qh4 17. Qf2 Qf4 18. Rfd1 Bh6 19. Nf1 fxe4 20. Nxe4 Qxe4 21. fxe4 Rxf2 22. Kxf2 Nc5 23. Re1 Nd3+ 24. Ke2 Nf4+ 25. Kf2 Nd3+ 26. Ke2 Nxe1 27. Rxe1 Kf7 28. Ng3 Ke7 29. Nh1 Rf8 30. Nf2 Bd2 31. Kxd2 Rxf2+ 32. Re2 Rf1 33. Re1 Rf8 34. Ke3 Kd7 35. Re2 Rf1 36. Kd3 c6 37. Re3 Rf2 1/2-1/2

[Event "Nordisk Mesterskab Ungdom U20 2026"]
[Site "Fredericia"]
[Date "2026.02.13"]
[Round "2.1"]
[White "Religa, Marek"]
[Black "Briem, Benedikt"]
[Result "0-1"]
[WhiteElo "2304"]
[BlackElo "2238"]
[WhiteFideId "1750208"]
[BlackFideId "2315432"]
[EventDate "2026.02.13"]
[EventType "swiss"]
[EventRounds "6"]
[EventCountry "DEN"]
[SourceTitle "Live v. Fredericia Chess Club"]

1. c4 e6 2. g3 d5 3. Bg2 c5 4. Nf3 d4 5. e3 Nc6 6. O-O Nf6 7. exd4 cxd4 8. d3 h6 9. Bf4 Nd7 10. Qe2 Be7 11. Na3 g5 12. Be5 Ncxe5 13. Nxe5 Bf6 14. f4 gxf4 15. gxf4 a6 16. Qh5 Rh7 17. Ng4 Be7 18. Be4 Rg7 19. Kh1 Rxg4 20. Qxg4 Nf6 21. Qg7 Bf8 22. Qh8 Nxe4 23. dxe4 Bd7 24. Rad1 Bc6 25. Qe5 Qh4 26. c5 Qg4 27. Qxd4 Bxc5 28. Qh8+ Bf8 29. Qd4 f5 30. Rde1 Rd8 31. Qc3 fxe4 32. Qg3 e3+ 33. Kg1 Qxg3+ 34. hxg3 Rd2 35. Rc1 Rg2+ 36. Kh1 Rc2+ 37. Kg1 Rg2+ 38. Kh1 Rxb2+ 39. Rxc6 bxc6 40. Nc4 e2 41. Rc1 Rc2 42. Re1 Bb4 43. Ne3 Rxa2 0-1

[Event "Nordisk Mesterskab Ungdom U20 2026"]
[Site "Fredericia"]
[Date "2026.02.13"]
[Round "2.2"]
[White "Salonen, Aku"]
[Black "Hietanen, Herman"]
[Result "1/2-1/2"]
[WhiteElo "2269"]
[BlackElo "2112"]
[WhiteFideId "517577"]
[BlackFideId "519880"]
[EventDate "2026.02.13"]
[EventType "swiss"]
[EventRounds "6"]
[EventCountry "DEN"]
[SourceTitle "Live v. Fredericia Chess Club"]

1. e4 e6 2. d4 d5 3. Nd2 c5 4. Ngf3 cxd4 5. Nxd4 Nc6 6. Bb5 Bd7 7. Nxc6 bxc6 8. Bd3 Bd6 9. Qe2 e5 10. c4 d4 11. c5 Bxc5 12. Nc4 Bb4+ 13. Bd2 Bxd2+ 14. Qxd2 Qe7 15. O-O Nh6 16. f4 exf4 17. Qxf4 O-O 18. Rac1 Be6 19. e5 Qd7 20. Nd6 Bxa2 21. Qe4 g6 22. Qf4 Kg7 23. Qf6+ Kg8 24. Qg5 Kg7 25. Rf4 Qd8 26. Qf6+ Qxf6 27. exf6+ Kh8 28. Rxc6 Rab8 29. g4 Rb3 30. Rxd4 Rxb2 31. g5 Nf5 32. Nxf5 gxf5 33. Rcd6 Be6 34. Rd8 Rb8 35. Rxf8+ Rxf8 36. Ra4 Rg8 1/2-1/2

[Event "Nordisk Mesterskab Ungdom U20 2026"]
[Site "Fredericia"]
[Date "2026.02.13"]
[Round "2.3"]
[White "Wahlgreen, Noah Krug"]
[Black "Fiskaaen, Martin Holten"]
[Result "0-1"]
[WhiteElo "2156"]
[BlackElo "2312"]
[WhiteFideId "1457349"]
[BlackFideId "1550233"]
[EventDate "2026.02.13"]
[EventType "swiss"]
[EventRounds "6"]
[EventCountry "DEN"]
[SourceTitle "Live v. Fredericia Chess Club"]

1. e4 c5 2. Nf3 d6 3. Bb5+ Nd7 4. c3 Nf6 5. Qe2 a6 6. Ba4 e6 7. d4 b5 8. Bc2 Bb7 9. O-O Be7 10. a4 O-O 11. Rd1 Qc7 12. axb5 axb5 13. Rxa8 Bxa8 14. Bf4 e5 15. Bg5 Rb8 16. d5 c4 17. Nbd2 h6 18. Bh4 Bb7 19. Nf1 Nc5 20. Bxf6 Bxf6 21. Qd2 Ra8 22. Ng3 Bc8 23. h3 Be7 24. Nxe5 Bg5 25. f4 Bh4 26. Nc6 Bxg3 27. Qe3 Bh4 28. g3 Be7 29. g4 Bf8 30. Nd4 Bb7 31. e5 dxe5 32. Nxb5 Qb6 33. fxe5 Qxb5 34. Qf3 Nd3 35. Rf1 Qxd5 0-1

[Event "Nordisk Mesterskab Ungdom U20 2026"]
[Site "Fredericia"]
[Date "2026.02.13"]
[Round "2.4"]
[White "Olsen, William Alexander"]
[Black "Omarsson, Adam"]
[Result "1-0"]
[WhiteElo "2155"]
[BlackElo "1974"]
[WhiteFideId "1536915"]
[BlackFideId "2311453"]
[EventDate "2026.02.13"]
[EventType "swiss"]
[EventRounds "6"]
[EventCountry "DEN"]
[SourceTitle "Live v. Fredericia Chess Club"]

1. e4 c5 2. Nf3 d6 3. Nc3 Nf6 4. e5 dxe5 5. Nxe5 a6 6. Be2 Qc7 7. d4 e6 8. Bf4 Bd6 9. Na4 cxd4 10. Qxd4 Nd5 11. Bg3 O-O 12. Nc4 Nc6 13. Qh4 e5 14. Nxd6 Qxd6 15. O-O Be6 16. Rfd1 Qe7 17. Qxe7 Ndxe7 18. Nc5 Bf5 19. c3 b5 20. Rd6 Rfc8 21. a4 bxa4 22. Bxa6 Rcb8 23. Bb7 Ra5 24. Bxc6 Rxc5 25. Bxa4 f6 26. Rad1 Rcc8 27. R6d2 h5 28. f4 Bg4 29. Re1 h4 30. Bf2 Rc4 31. Bc2 Rxf4 32. Bxh4 Bf5 33. Bg3 Rc4 34. Bd1 Rc5 35. Bf3 Rb3 36. Bd1 Rb7 37. Bf2 Rd5 38. Rxd5 Nxd5 39. Bf3 e4 40. Bxe4 Bxe4 41. Rxe4 Rxb2 42. c4 Nc3 43. Re1 Ne2+ 44. Kf1 Nf4 45. Re4 Nd3 46. Be3 Rc2 47. Re8+ Kf7 48. Rc8 Ne5 49. c5 Ke6 50. h3 Kd5 51. Rd8+ Ke4 52. Bf2 Nc6 53. Rd7 1-0

[Event "Nordisk Mesterskab Ungdom U20 2026"]
[Site "Fredericia"]
[Date "2026.02.13"]
[Round "2.5"]
[White "Petersen, Elias"]
[Black "Apol, Luitjen Akselsson"]
[Result "0-1"]
[WhiteElo "2102"]
[BlackElo "2301"]
[WhiteFideId "7202725"]
[BlackFideId "7202466"]
[EventDate "2026.02.13"]
[EventType "swiss"]
[EventRounds "6"]
[EventCountry "DEN"]
[SourceTitle "Live v. Fredericia Chess Club"]

1. Nf3 Nf6 2. g3 g6 3. Bg2 Bg7 4. O-O O-O 5. c4 d6 6. d4 Nc6 7. b3 e5 8. dxe5 dxe5 9. Qxd8 Rxd8 10. Bb2 e4 11. Ng5 Bf5 12. h4 a5 13. Re1 Nb4 14. Na3 h6 15. Nh3 Rd2 16. Bc3 Rxa2 17. Rxa2 Nxa2 18. Nb5 c6 19. Bxf6 Bxf6 20. Nd6 Nc3 21. Nxb7 Be7 22. c5 Be6 23. Ra1 Ra7 24. Nd6 Bf6 25. Re1 Bxb3 26. Nxe4 Nxe4 27. Bxe4 a4 0-1

[Event "Nordisk Mesterskab Ungdom U20 2026"]
[Site "Fredericia"]
[Date "2026.02.13"]
[Round "2.6"]
[White "Wedenberg, Oliver"]
[Black "Iskos, Lukas"]
[Result "0-1"]
[WhiteElo "2058"]
[BlackElo "2123"]
[WhiteFideId "1767909"]
[BlackFideId "1461613"]
[EventDate "2026.02.13"]
[EventType "swiss"]
[EventRounds "6"]
[EventCountry "DEN"]
[SourceTitle "Live v. Fredericia Chess Club"]

1. e4 c5 2. Nf3 Nc6 3. Nc3 e5 4. Bc4 Be7 5. d3 d6 6. O-O Nf6 7. Ng5 O-O 8. f4 Bg4 9. Qe1 exf4 10. Bxf4 Nd4 11. Qf2 h6 12. Nf3 Nxf3+ 13. gxf3 Be6 14. Rfe1 Nh5 15. Bg3 Bxc4 16. dxc4 f5 17. Qe2 Bh4 18. Bxh4 Qxh4 19. Qf2 Qg5+ 20. Qg2 Qf6 21. Nd5 Qd4+ 22. Kh1 Rae8 23. Qg6 Nf6 24. c3 Qe5 25. f4 Qe6 26. Nc7 Qxc4 27. Nxe8 Rxe8 28. e5 dxe5 29. Qxf5 e4 30. Rad1 Qxa2 31. Rg1 Qe6 32. Qxe6+ Rxe6 33. Rd8+ Kf7 34. Rc8 Nh5 35. Rxc5 Nxf4 36. Rc7+ Kf6 37. Rcxg7 e3 38. Rd7 Kf5 39. Re1 e2 40. Rd4 Kg4 41. Kg1 Kf3 42. Kh1 Nh3 43. Rd3+ Kf2 44. Rdd1 exd1=Q 45. Rxd1 Ke2 46. Rd7 Nf2+ 47. Kg2 Rg6# 0-1

[Event "Nordisk Mesterskab Ungdom U20 2026"]
[Site "Fredericia"]
[Date "2026.02.14"]
[Round "3.1"]
[White "Briem, Benedikt"]
[Black "Salonen, Aku"]
[Result "1-0"]
[WhiteElo "2238"]
[BlackElo "2269"]
[WhiteFideId "2315432"]
[BlackFideId "517577"]
[EventDate "2026.02.13"]
[EventType "swiss"]
[EventRounds "6"]
[EventCountry "DEN"]
[SourceTitle "Live v. Fredericia Chess Club"]

1. d4 d5 2. c4 e6 3. Nf3 Nf6 4. g3 dxc4 5. Bg2 c5 6. O-O Nc6 7. dxc5 Qxd1 8. Rxd1 Bxc5 9. Nbd2 c3 10. bxc3 O-O 11. Nb3 Be7 12. Nfd4 Nxd4 13. cxd4 Nd5 14. Bd2 f5 15. Na5 b6 16. Nc6 Bf6 17. e3 Bb7 18. Nb4 Rfc8 19. a4 Be7 20. Nxd5 Bxd5 21. Bxd5 exd5 22. a5 Kf7 23. Kf1 Ke6 24. Rdb1 Bd8 25. Rb2 h5 26. h4 Kd7 27. Ke2 g6 28. Kf3 Bc7 29. Rc1 Bd8 30. Rcb1 Rc6 31. Rb5 Ke6 32. Ra1 Rcc8 33. Rb2 Bc7 34. Rc1 Bd8 35. Rbc2 Kd7 36. Kf4 Bf6 37. axb6 axb6 38. Bb4 Rxc2 39. Rxc2 Rc8 40. Ra2 Kc6 41. Ra7 Kb5 42. Bd6 Kc4 43. Rf7 Bd8 44. Ke5 b5 45. Ra7 Bb6 46. Ra1 Re8+ 47. Kf6 b4 48. Ra4 Kd3 49. Bxb4 Ke2 50. Ra2+ Kf3 51. Kxg6 Kg4 52. Kf7 Re4 53. Bd6 Bd8 54. Be5 f4 55. Bxf4 Be7 56. Ra6 Bb4 57. Re6 Kf3 58. Rxe4 dxe4 59. d5 Kxf2 60. d6 Bxd6 61. Bxd6 Kxe3 62. Kg6 Kd4 63. Kxh5 1-0

[Event "Nordisk Mesterskab Ungdom U20 2026"]
[Site "Fredericia"]
[Date "2026.02.14"]
[Round "3.2"]
[White "Hietanen, Herman"]
[Black "Olsen, William Alexander"]
[Result "0-1"]
[WhiteElo "2112"]
[BlackElo "2155"]
[WhiteFideId "519880"]
[BlackFideId "1536915"]
[EventDate "2026.02.13"]
[EventType "swiss"]
[EventRounds "6"]
[EventCountry "DEN"]
[SourceTitle "Live v. Fredericia Chess Club"]

1. Nf3 Nf6 2. c4 e6 3. e3 b6 4. b3 Bb7 5. Bb2 d5 6. Be2 Bd6 7. O-O O-O 8. Nc3 a6 9. Rc1 Nbd7 10. Qc2 c5 11. cxd5 exd5 12. d4 Qc7 13. h3 Rfd8 14. Rfd1 Rac8 15. Qb1 c4 16. a4 Bb4 17. Na2 Qd6 18. bxc4 dxc4 19. Rxc4 Rxc4 20. Bxc4 Ba5 21. Qd3 Bxf3 22. gxf3 Qc6 23. Qe2 Qxa4 24. Nc3 Bxc3 25. Bxc3 Rc8 26. Bxa6 Rxc3 27. Rb1 Rc2 28. Qd3 Qa2 29. Rf1 g6 30. f4 Nd5 31. Bb7 Rc7 32. Bxd5 Qxd5 33. e4 Qc4 34. Qe3 b5 35. f5 b4 36. e5 Nf8 37. f6 Ne6 38. Rd1 Qd5 39. Qh6 b3 40. f4 Rc2 0-1

[Event "Nordisk Mesterskab Ungdom U20 2026"]
[Site "Fredericia"]
[Date "2026.02.14"]
[Round "3.3"]
[White "Fiskaaen, Martin Holten"]
[Black "Religa, Marek"]
[Result "1-0"]
[WhiteElo "2312"]
[BlackElo "2304"]
[WhiteFideId "1550233"]
[BlackFideId "1750208"]
[EventDate "2026.02.13"]
[EventType "swiss"]
[EventRounds "6"]
[EventCountry "DEN"]
[SourceTitle "Live v. Fredericia Chess Club"]

1. d4 g6 2. e4 Bg7 3. Nf3 d6 4. c3 e5 5. h3 Nc6 6. Bb5 Bd7 7. O-O Nf6 8. Re1 h6 9. Nbd2 O-O 10. a4 exd4 11. cxd4 Nb4 12. Bxd7 Qxd7 13. Nb1 Rfe8 14. Nc3 Qc6 15. Qb3 a5 16. d5 Qd7 17. Bd2 Re7 18. Re3 Rae8 19. Rae1 c5 20. Bc1 c4 21. Qxc4 Nc2 22. R3e2 Nxe1 23. Rxe1 Qc8 24. Qxc8 Rxc8 25. Bf4 Ne8 26. Nb5 Rd8 27. Nd2 f5 28. f3 Nf6 29. Bxd6 Ree8 30. Kf1 fxe4 31. fxe4 h5 32. Bc7 Rd7 33. d6 Bh6 34. Bxa5 Bxd2 35. Bxd2 Nxe4 36. Bb4 Rf8+ 37. Ke2 Rf4 38. Ke3 g5 39. Rc1 Nf6 40. Bd2 Ne8 41. Rc5 Rxa4 42. Rxg5+ Kf7 43. Rxh5 Nxd6 44. Nxd6+ Rxd6 45. Rh7+ Ke8 46. Rxb7 Rg6 47. Kf2 Rf6+ 48. Ke2 Ra1 49. Rg7 Rh1 50. Bc3 Rf5 51. Rg3 Rg1 52. Bd4 Rh1 53. Bc3 Kd7 54. Re3 Rh2 55. Rg3 Rh1 56. Rf3 Rh5 57. Kf2 Kc6 58. Rf4 Rg5 59. h4 Rg8 60. g3 Rh2+ 61. Kf3 Kd5 62. Rd4+ Ke6 63. Rd2 Rh3 64. Re2+ Kd5 65. Be1 Rh1 66. Bf2 Rb1 67. Rd2+ Ke6 68. Bd4 Rh1 69. Re2+ Kd5 70. Be3 Rh3 71. Bf4 Rh1 72. Rd2+ Ke6 73. Rd6+ Ke7 74. Rd4 Ke6 75. Rb4 Kd5 76. Rb5+ Ke6 77. h5 Rf1+ 78. Ke2 Rh1 79. h6 Kf6 80. Kf2 Ke6 81. Kg2 Re1 82. Rb7 Kf5 83. Kf2 Rh1 84. b4 Ke4 85. Re7+ Kd5 86. Kg2 Rb1 87. Re5+ Kc4 88. h7 Rb2+ 89. Kh3 Rh8 90. Rh5 Re2 91. Bd6 Re6 92. Bc5 Rg6 93. Rh4+ Kd5 94. Bd4 Rxh7 95. Rxh7 Kxd4 96. Rh4+ Ke3 97. Rc4 Kd3 98. Rh4 Ke3 99. Rh5 Kf3 100. Rf5+ Ke4 101. g4 Rg8 102. Kg3 Rh8 103. Rf7 Rh1 104. Rf4+ Ke5 105. Rf8 Rb1 106. Rf5+ Ke4 107. b5 Rh1 108. Rf4+ Ke5 109. Rb4 Rh7 110. b6 Rb7 111. Rb5+ Kd6 112. g5 Kc6 113. Rb1 Kd5 114. Kg4 Ke6 115. Rb5 Kf7 116. Kf5 Ke7 117. Ke5 Kd7 118. Kd5 Rb8 119. b7 Kc7 120. Ke6 Kd8 121. g6 1-0

[Event "Nordisk Mesterskab Ungdom U20 2026"]
[Site "Fredericia"]
[Date "2026.02.14"]
[Round "3.4"]
[White "Apol, Luitjen Akselsson"]
[Black "Iskos, Lukas"]
[Result "1-0"]
[WhiteElo "2301"]
[BlackElo "2123"]
[WhiteFideId "7202466"]
[BlackFideId "1461613"]
[EventDate "2026.02.13"]
[EventType "swiss"]
[EventRounds "6"]
[EventCountry "DEN"]
[SourceTitle "Live v. Fredericia Chess Club"]

1. d4 Nf6 2. c4 e6 3. Nf3 d5 4. Nc3 Be7 5. Bf4 O-O 6. Qc2 c5 7. dxc5 Bxc5 8. e3 Nc6 9. a3 Qa5 10. Rd1 Ne4 11. cxd5 exd5 12. Rxd5 Nxc3 13. bxc3 Qxa3 14. Ng5 g6 15. Bc4 b5 16. Ba2 Bb4 17. Rd3 Bf5 18. e4 h6 19. Nxf7 Bxe4 20. O-O Kh7 21. Rd7 Bxc2 22. Ng5+ Kh8 23. Rh7# 1-0

[Event "Nordisk Mesterskab Ungdom U20 2026"]
[Site "Fredericia"]
[Date "2026.02.14"]
[Round "3.5"]
[White "Wahlgreen, Noah Krug"]
[Black "Petersen, Elias"]
[Result "1-0"]
[WhiteElo "2156"]
[BlackElo "2102"]
[WhiteFideId "1457349"]
[BlackFideId "7202725"]
[EventDate "2026.02.13"]
[EventType "swiss"]
[EventRounds "6"]
[EventCountry "DEN"]
[SourceTitle "Live v. Fredericia Chess Club"]

1. e4 c5 2. Nf3 e6 3. c3 d5 4. exd5 Qxd5 5. d4 Nf6 6. Na3 cxd4 7. Nb5 Qd8 8. Nbxd4 Be7 9. Bd3 O-O 10. O-O b6 11. Re1 Bb7 12. Bf4 Nbd7 13. Qe2 Re8 14. Rad1 a6 15. a4 h6 16. Bb1 Qc8 17. Qc2 Nf8 18. Ne5 Bd6 19. Qd3 Ng4 20. Ndc6 Bxe5 21. Nxe5 Nxe5 22. Bxe5 f6 23. Bd6 Rd8 24. Qg3 f5 25. Bxf5 exf5 26. Re7 Ne6 27. Re1 Rf8 28. R1xe6 Rf7 29. Rxf7 Kxf7 30. Re7+ 1-0

[Event "Nordisk Mesterskab Ungdom U20 2026"]
[Site "Fredericia"]
[Date "2026.02.14"]
[Round "3.6"]
[White "Omarsson, Adam"]
[Black "Wedenberg, Oliver"]
[Result "0-1"]
[WhiteElo "1974"]
[BlackElo "2058"]
[WhiteFideId "2311453"]
[BlackFideId "1767909"]
[EventDate "2026.02.13"]
[EventType "swiss"]
[EventRounds "6"]
[EventCountry "DEN"]
[SourceTitle "Live v. Fredericia Chess Club"]

1. d4 d5 2. c4 e6 3. Nc3 Nf6 4. Nf3 Nbd7 5. Bg5 Bb4 6. e3 c5 7. a3 Bxc3+ 8. bxc3 Qa5 9. Rc1 cxd4 10. exd4 Qxa3 11. Bxf6 Nxf6 12. cxd5 exd5 13. Bb5+ Bd7 14. Qe2+ Qe7 15. Ne5 a6 16. Bd3 O-O 17. O-O Rfe8 18. Rfe1 Qd6 19. Qf3 Re7 20. Re3 Rae8 21. Rce1 Bc6 22. h3 Ne4 23. Nxc6 Qxc6 24. c4 Nd2 25. Qxd5 Qxd5 26. cxd5 Kf8 27. Rxe7 Rxe7 28. Rd1 Ne4 29. Bxe4 Rxe4 30. Rb1 Re7 31. d6 Rd7 32. Kf1 b5 33. Ke2 Rxd6 34. Kd3 Ke7 35. Kc3 Kd7 36. Ra1 Rc6+ 37. Kb3 Kd6 38. Rd1 Kd5 39. Rd2 Rc4 40. Ra2 Ra4 41. Rc2 Rxd4 42. Rc7 Rf4 43. f3 a5 0-1

[Event "Nordisk Mesterskab Ungdom U20 2026"]
[Site "Fredericia"]
[Date "2026.02.14"]
[Round "4.1"]
[White "Olsen, William Alexander"]
[Black "Briem, Benedikt"]
[Result "1-0"]
[WhiteElo "2155"]
[BlackElo "2238"]
[WhiteFideId "1536915"]
[BlackFideId "2315432"]
[EventDate "2026.02.13"]
[EventType "swiss"]
[EventRounds "6"]
[EventCountry "DEN"]
[SourceTitle "Live v. Fredericia Chess Club"]

1. d4 d5 2. c4 e6 3. Nc3 Nf6 4. cxd5 exd5 5. Bg5 Be6 6. e3 Nbd7 7. Bd3 c6 8. Nge2 h6 9. Bh4 g5 10. Bg3 Nh5 11. O-O Qf6 12. e4 Nxg3 13. Nxg3 dxe4 14. Bxe4 O-O-O 15. d5 Nb6 16. Nh5 Qe5 17. Re1 Bd6 18. g3 cxd5 19. Bc2 Nc4 20. Rxe5 Bxe5 21. Qe2 Rhe8 22. Ba4 Re7 23. Rc1 f6 24. b3 d4 25. Ne4 d3 26. Qd1 Bb2 27. bxc4 Bxc1 28. Qxc1 Bh3 29. Nhxf6 Rd4 30. Qc3 Rdxe4 31. Nxe4 d2 32. f3 1-0

[Event "Nordisk Mesterskab Ungdom U20 2026"]
[Site "Fredericia"]
[Date "2026.02.14"]
[Round "4.2"]
[White "Apol, Luitjen Akselsson"]
[Black "Fiskaaen, Martin Holten"]
[Result "0-1"]
[WhiteElo "2301"]
[BlackElo "2312"]
[WhiteFideId "7202466"]
[BlackFideId "1550233"]
[EventDate "2026.02.13"]
[EventType "swiss"]
[EventRounds "6"]
[EventCountry "DEN"]
[SourceTitle "Live v. Fredericia Chess Club"]

1. e4 e5 2. Nf3 Nc6 3. Bb5 g6 4. c3 a6 5. Ba4 Bg7 6. d4 exd4 7. cxd4 b5 8. Bb3 Na5 9. Bc2 d6 10. O-O Ne7 11. Nc3 O-O 12. d5 Bb7 13. Rb1 Rc8 14. Bf4 c6 15. dxc6 Rxc6 16. Re1 Nc4 17. Nd4 Rc8 18. Bb3 Qb6 19. Nde2 Rfd8 20. Bg5 Re8 21. Bxc4 Rxc4 22. Nf4 Qc5 23. Ncd5 Nxd5 24. exd5 Rxe1+ 25. Qxe1 Be5 26. b4 Qd4 27. Rd1 Qe4 28. Qxe4 Rxe4 29. Nd3 Rd4 30. f4 Bg7 31. Nf2 Rxb4 32. Ng4 h5 33. Nh6+ Kf8 34. Rc1 Rc4 35. Re1 f6 0-1